000 00614nam a2200253Ia 4500
003 OSt
005 20220912152737.0
006 a|||||r|||| 00| 0
007 ta
008 220909b |||||||| |||| 00| 0 eng d
024 _a36756
037 _cTextual
040 _aCSL
_beng
_cCSL
041 _aeng
082 _aE3051:96, K9
100 _aMarinetti G V Ed.
245 0 _aLiquid chromatographic analysis
260 _c1969
300 _ap.
_ccm.
650 _a Chemistry
650 _aChromatography
942 _hE3051:96, K9
_cTEXL
_2CC
999 _c90939
_d90939